LEADER 00656nam a2200169 i 4500 001 000000073717 003 CaOOAMICUS 005 20260408113613.0 008 110517s1851 it u000 u ita u 040 $aSeMil$bita 245 10$a1: A-L. 300 $aLXII, 511 p. 773 0 $aTommaseo, Niccolò <1802-1874>$tNuovo dizionario dei sinonimi della lingua italiana.$b2. ed. milanese, riveduta e riordinata dall'autore.$dMilano : per Giuseppe Reina, 1851-1852$gParte1$w()24948 850 $aSeMil 852 $aSeMil$W1$xVenegono$y1$m1A IV 27 FA$j39869$B39869$CSeMilBibl$Z2$F39873 $8I 996 $6245$a1: A-L$9(OLS)http://semarc/title/83312